000 00439 a2200145 4500
999 _c5607
_d5607
020 _a9781856421904
050 _aRA564.85GRA2003
245 _aFundamental aspects of women's health /
_cMorag A Gray
264 _aSalisbury, Wiltshire :
_bQuay Books,
_cC2003
300 _a176p. :
440 _aFundamental aspects of nursing series
500 _aincludes index
650 _aWomen -- Health and hygiene.
942 _2lcc
_cBK
_h564.85
_iGRA
_kRA